La Vicomté du Béarn sous le règne d'Henri d'Albret : (Record no. 51893)

MARC details
000 -LEADER
campo de control de longitud fija 01149nam a2200277 i 4500
001 - NÚMERO DE CONTROL
campo de control 51893
003 - IDENTIFICADOR DE NÚMERO DE CONTROL
campo de control ES-MaACL
005 - FECHA Y HORA DE LA ÚLTIMA TRANSACCIÓN
campo de control 20250811063135.0
007 - CAMPO FIJO DE DESCRIPCIÓN FÍSICA--INFORMACIÓN GENERAL
campo de control de longitud fija t|
008 - DATOS DE LONGITUD FIJA--INFORMACIÓN GENERAL
campo de control de longitud fija 030820s1934 fr ||||1| fre d
080 ## - NÚMERO DE LA CLASIFICACIÓN DECIMAL UNIVERSAL
Número de la Clasificación Decimal Universal (447.95 Béarn)
100 1# - ENTRADA PRINCIPAL--NOMBRE DE PERSONA
Nombre de persona Dartigue, Charles,
Fechas asociadas al nombre 1887-1964
Término indicativo de función/relación Autor
9 (RLIN) 42761
245 13 - MENCIÓN DEL TÍTULO
Título La Vicomté du Béarn sous le règne d'Henri d'Albret :
Resto del título 1517-1555 /
Mención de responsabilidad, etc. Charles Dartigue-Peyrou
260 ## - PUBLICACIÓN, DISTRIBUCIÓN, ETC.
Lugar de publicación, distribución, etc. Paris :
Nombre del editor, distribuidor, etc. Société d'édition les Belles Lettres,
Fecha de publicación, distribución, etc. 1934
Lugar de fabricación/manufactura (Le Puy :
Fabricante Imp. la Haute-Loire)
300 ## - DESCRIPCIÓN FÍSICA
Extensión 640 páginas, 4 planos ;
Dimensiones 25 cm
490 1# - MENCIÓN DE SERIE
Mención de serie Publications de la Faculté des lettres de l'Université de Strasbourg
Designación de volumen o secuencia 67
RLIN 184104
594 ## - Nota al título y mención de responsabilidad
Nota al título y mención de responsabilidad Precede al tít.: Un petit pays souverain au XVIe siècle
600 04 - PUNTO DE ACCESO ADICIONAL DE MATERIA--NOMBRE DE PERSONA
Nombre de persona Enrique
Numeración II,
Títulos y otros términos asociados al nombre Rey de Navarra
9 (RLIN) 156279
651 #7 - PUNTO DE ACCESO ADICIONAL DE MATERIA--NOMBRE GEOGRÁFICO
Nombre geográfico Béarn (Francia, Región)-
Subdivisión general Historia
9 (RLIN) 156280
740 32 - ENTRADA AGREGADA--TÍTULO RELACIONADO/ANALÍTICO NO CONTROLADO
Título relacionado o analítico no controlado Un petit pays souverain au XVIe siècle
830 #0 - PUNTO DE ACCESO ADICIONAL DE SERIE-TÍTULO UNIFORME
Título uniforme Publications de la Faculté des lettres de l'Université de Strasbourg
Designación de volumen o secuencia 67
9 (RLIN) 184104
852 ## - LOCALIZACIÓN
Ubicación ES-MaACL
Ubicación en estantería Sala Pecera Planta 1
Número de control de estantería A-2938
942 ## - ELEMENTOS DE ENTRADA SECUNDARIOS (KOHA)
Fuente del sistema de clasificación o colocación Clasificación decimal universal
Tipo de ítem Koha Libro impreso
Suprimir en OPAC No
Holdings
Estatus retirado Estado de pérdida Estado de daño No para préstamo Biblioteca de origen Biblioteca actual Ubicación en estantería Fecha de adquisición Fuente de adquisición Total de préstamos Signatura topográfica completa Código de barras Visto por última vez Precio de reemplazo Tipo de ítem Koha
        Biblioteca del Ateneo de Madrid Biblioteca del Ateneo de Madrid Sala Pecera Planta 1 17/01/2008     A-2938 1054562 23/02/2023 23/02/2023 Libro impreso